| Поле | Инд. | ПП | Название | Значение |
|---|---|---|---|---|
| Тип записи | a | |||
| Библиографический уровень | b | |||
| 001 | Контрольный номер | RU/IS/BASE/328965810 | ||
| 005 | Дата корректировки | 20220713151448.8 | ||
| 008 | Кодируемые данные | 20100604 | ||
| 040 | b | Код языка каталог. | rus | |
| e | Правила каталог. | PSBO | ||
| 041 | 0_ | a | Код языка текста | rus |
| 084 | a | Индекс другой классификации/Индекс ББК | 67.00; 88.542.5; 88.572 | |
| 100 | 1_ | a | Автор | Масалов А. Г. |
| 245 | 10 | a | Заглавие | Психологические аспекты политического террора |
| b | Продолж. заглавия | Полемический дискурс к Международной научно-практической конференции "Насилие в Северо-Кавказском регионе: политические, криминологические, уголовно-правовые аспекты" (Ростов-на-Дону, 16-17 сентября 2010 года) | ||
| 520 | 0_ | a | Аннотация | Рассматривается механизм психологического влияния террора на поведение людей. Проводится структурно-функциональный анализ терроризма как средства политической власти. |
| 650 | 04 | a | Основная рубрика | политическая психология |
| a | Основная рубрика | право | ||
| a | Основная рубрика | психология | ||
| a | Основная рубрика | психология групп | ||
| a | Основная рубрика | социальная психология | ||
| a | Основная рубрика | теория права | ||
| a | Основная рубрика | философия права | ||
| a | Основная рубрика | этническая психология (этнопсихология) | ||
| 653 | 0_ | a | Ключевые слова | деперсонализация |
| a | Ключевые слова | насилие | ||
| a | Ключевые слова | ненасилие | ||
| a | Ключевые слова | политическая власть | ||
| a | Ключевые слова | политический террор | ||
| a | Ключевые слова | психология поведения | ||
| a | Ключевые слова | психология терроризма | ||
| a | Ключевые слова | Россия | ||
| a | Ключевые слова | террор | ||
| a | Ключевые слова | терроризм | ||
| a | Ключевые слова | толерантность | ||
| a | Ключевые слова | экстремизм | ||
| 773 | 0_ | t | Заглавие источника | Философия права |
| d | Дата издания источника | 2009 | ||
| g | Прочая информация | № 6. - С. 11 - 13 | ||
| w | Контрольный № источника | RU/IS/BASE/321799267 | ||
| 901 | t | Тип документа | b |